| Поле | Название | Значение |
| |
Тип записи |
a |
| |
Библиографический уровень |
m |
| 001 |
Контрольный номер |
SKBR/3ab016d2-c25c-448f-b906-d568f644bb20 |
| 005 |
Дата корректировки |
20230110143101.0 |
| 010 |
Индекс ISBN |
__ |
| a |
ISBN |
978-5-9614-6481-8 |
| b |
Уточнения |
в пер. |
| b |
Уточнения |
рус. |
| 010 |
Индекс ISBN |
__ |
| a |
ISBN |
978-1-8479-2227-4 |
| b |
Уточнения |
англ. |
| d |
Цена |
1052-70 |
| 100 |
Данные общей обработки |
__ |
| a |
Данные общей обработки |
20171201d2020 m y0rusa028902 ca |
| 101 |
Язык документа |
1_ |
| a |
Язык текста |
rus |
| c |
Язык оригинала |
eng |
| 102 |
Страна публикации |
__ |
| a |
Страна публикации |
RU |
| 105 |
Кодированные данные (монография) |
__ |
| a |
Кодированные данные (монография) |
a z 000yy |
| 181 |
Поле кодированных данных: вид содержания |
_0 |
| a |
Код вида содержания (ISBD) |
i |
| 182 |
Поле кодированных данных: тип средства |
_0 |
| a |
Код типа средства (ISBD) |
n |
| 200 |
Заглавие и сведения об ответственности |
1_ |
| a |
Заглавие |
Цивилизация с нуля |
| e |
Сведения, относящиеся к заглавию |
что нужно знать и уметь, чтобы выжить после всемирной катастрофы |
| f |
Первые сведения об ответственности |
Льюис Дартнелл |
| g |
Последующие сведения об ответственности |
перевод с английского [Н. Мезина] |
| 203 |
Вид содержания и тип средства |
__ |
| a |
Вид содержания |
Текст |
| c |
Тип средства |
непосредственный |
| 210 |
Выходные данные |
1_ |
| a |
Место издания |
Москва |
| c |
Издательство |
Альпина Паблишер |
| d |
Дата издания |
2020 |
| 215 |
Физическое описание |
__ |
| a |
Объем |
317, [1] с. |
| c |
Иллюстрации/тип воспроизводства |
ил. |
| d |
Формат |
24 см |
| 320 |
Библиография |
__ |
| a |
Библиография |
Библиография: с. 301-[315] |
| 330 |
Аннотация |
__ |
| a |
Аннотация |
Книги, кино и сериалы на тему глобальной катастрофы, которая меняет наш привычный мир, заставляют задуматься: а что бы я сделал на месте героев? Куда бежать, чем запасаться и как не превратиться в дикаря из "Безумного Макса", а заново построить все с нуля? Научный журналист Льюис Дартнелл знает ответы на эти вопросы. Его книга - кладезь научно-технических знаний, которые помогут восстановить цивилизацию: от советов, как получить питьевую воду из подручных средств, до объяснения, как собрать двигатель внутреннего сгорания "на коленке". Если думаете, что перед вами руководство для выживальщиков, то вы правы лишь частично. Цель этой книги - познакомить читателя с историей развития науки, показать, что большинство великих открытий сопровождает не "Эврика!", а "Хм… занятно" и что из всего накопленного опыта жизненно важно знать устройство базовых вещей и основы техники, а не 100 и 1 способ повысить свою эффективность. |
| 454 |
Оригинал |
_0 |
| 1 |
|
2001 |
| a |
|
The knowledge |
| e |
|
how to rebuild our world from scratch |
| 1 |
|
700 1 |
| a |
|
Dartnell |
| b |
|
L. |
| g |
|
Lewis |
| 540 |
Дополнительное заглавие, сделанное каталогизатором |
10 |
| a |
Дополнительное заглавие, сделанное каталогизатором |
Что нужно знать и уметь, чтобы выжить после всемирной катастрофы |
| 606 |
Тематические рубрики |
__ |
| 2 |
Код системы |
nlr_sh |
| a |
Основная рубрика |
Военное дело |
| 606 |
Тематические рубрики |
__ |
| 2 |
Код системы |
nlr_sh |
| a |
Основная рубрика |
Гражданская защита в целом |
| 610 |
Ключевые слова |
0_ |
| a |
Ключевые слова |
выживание |
| 610 |
Ключевые слова |
0_ |
| a |
Ключевые слова |
апокалипсис |
| 610 |
Ключевые слова |
0_ |
| a |
Ключевые слова |
конец света |
| 610 |
Ключевые слова |
0_ |
| a |
Ключевые слова |
постапокалипсис |
| 610 |
Ключевые слова |
0_ |
| a |
Ключевые слова |
возрождение цивилизации |
| 610 |
Ключевые слова |
0_ |
| a |
Ключевые слова |
чрезвычайные ситуации |
| 610 |
Ключевые слова |
0_ |
| a |
Ключевые слова |
выживание человечества |
| 610 |
Ключевые слова |
0_ |
| a |
Ключевые слова |
мировая катастрофа |
| 610 |
Ключевые слова |
0_ |
| a |
Ключевые слова |
катастрофы |
| 610 |
Ключевые слова |
0_ |
| a |
Ключевые слова |
развитие цивилизации |
| 686 |
Индексы других классификаций |
__ |
| a |
Классификационный индекс |
68.90 |
| 2 |
Код системы |
rubbks |
| 700 |
Автор |
_1 |
| a |
Фамилия |
Дартнелл |
| b |
Имя |
Л. |
| f |
Даты |
1980- |
| g |
Полное личное имя |
Льюис |
| 4 |
Код отношения |
070 |
| 702 |
Вторичная интеллектуальная ответственность |
_1 |
| a |
Фамилия |
Мезин |
| b |
Имя |
Н. В. |
| f |
Даты |
1971- |
| g |
Полное личное имя |
Николай Владимирович |
| 4 |
Код отношения |
730 |
| 801 |
Источник записи |
_0 |
| a |
Страна |
RU |
| b |
Организация |
NLR |
| c |
Дата составления |
20171201 |
| g |
Правила каталогизации |
PSBO |
| 801 |
Источник записи |
_1 |
| a |
Страна |
RU |
| b |
Организация |
NLR |
| c |
Дата составления |
20171201 |
| g |
Правила каталогизации |
PSBO |
| 801 |
Источник записи |
_2 |
| a |
Страна |
RU |
| b |
Организация |
NLR |
| c |
Дата составления |
20180215 |
| 2 |
Код формата |
rusmarc |
| g |
Правила каталогизации |
PSBO |
| 852 |
Данные о местонахождении |
__ |
| i |
Авторский знак |
Д 20 |
| j |
Шифр хранения |
68.90 |
| 900 |
Макрообъекты |
__ |
| a |
Макрообъекты |
Цивилизация с нуля, 2020 |
| 901 |
Тип документа |
__ |
| a |
Ответственный |
КиК/Обаева |
| t |
Тип документа |
m |
| 903 |
Характеристики (МАРС) |
__ |
| a |
Дата передачи |
20220620 |
| c |
Наименование библиотеки (МАРС) |
Муниципальное бюджетное учреждение культуры "Централизованная библиотечная система" г. Сургут (Центральная городская библиотека им. А. С. Пушкина) |
| 969 |
Тип издания |
__ |
| a |
Тип издания |
научно-популярное издание |
| 990 |
Данные о заказе (DOS) |
__ |
| j |
Количество экземпляров (DOS) |
1 |
| t |
N записи в КСУ для И/У (DOS) |
202206 |